Antología poética /
Guardado en:
| Autor Principal: | |
|---|---|
| Otros Autores: | |
| Formato: | Libro |
| Publicado: |
Buenos Aires :
Acercándonos,
2014
|
| Series: | Colección Juan Gelman
|
| Materias: | |
| Etiquetas: |
Agregar Etiqueta
Sin Etiquetas, Sea el primero en etiquetar este registro!
|
| LEADER | 00995nam a22002895a 4500 | ||
|---|---|---|---|
| 001 | CEM.cems014835 | ||
| 008 | 130507s2014##################000#0#####d | ||
| 005 | 20220210100115.0 | ||
| 003 | CEMS | ||
| 245 | 1 | 0 | |a Antología poética / |c Roque Dalton; prólogo de Armando de Magdalena |
| 260 | |a Buenos Aires : |b Acercándonos, |c 2014 | ||
| 300 | |a 88 p. | ||
| 490 | 0 | |a Colección Juan Gelman | |
| 500 | |a Edición especial del Ministerio de Educación de la Nación | ||
| 020 | |a 9789871750467 | ||
| 100 | 1 | |a Dalton, Roque | |
| 700 | 1 | |a De Magdalena, Armando; prol. | |
| 082 | 0 | 4 | |a 861.993 |
| 653 | |a Literatura | ||
| 653 | |a Literatura salvadoreña | ||
| 653 | |a Poesía | ||
| 653 | |a Poesía salvadoreña | ||
| 653 | |a Colección Juan Gelman | ||
| 653 | |a Biblioteca Juan Gelman | ||
| 859 | |a CEMS |b BIB. CEMS - 11 de abril |h 861.993 |i D171 |p 27434.18 |t Ej.1 | ||
| 859 | |a CEMS |b BIB. CEMS - Agricultura |h 861.993 |i D171 |p A2298.15 |t Ej.1 | ||
| 859 | |a CEMS |b BIB. CEMS - 11 de abril |h 861.993 |i D171 |p 27711.19 |t Ej.2 | ||
